Marketingový mix v podniku služieb bakalárska práca

Gespeichert in:
Bibliographische Detailangaben
1. Verfasser: Medvecká, Martina
Körperschaft: Obchodná fakulta EU. Katedra marketingu
Weitere Verfasser: Zendulka, Lukáš, 1989-
Format: Buch
Sprache:Slowakisch
Veröffentlicht: Bratislava 2017
Tags: Tag hinzufügen
Keine Tags, Fügen Sie das erste Tag hinzu!

MARC

LEADER 00000nbm a2200000 4500
001 0232800
005 20170920133432.0
041 0 |a slo 
044 |a SK 
245 1 0 |a Marketingový mix v podniku služieb  |b bakalárska práca  |c Martina Medvecká ; školiteľ: Lukáš Zendulka 
264 1 |a Bratislava  |c 2017 
300 |a 49 s. 
100 1 |a Medvecká, Martina 
700 1 |a Zendulka, Lukáš, 1989- 
710 2 |a Obchodná fakulta EU. Katedra marketingu